Quizzes
Events
Quiz Creation
Community
Videos
Private Events
Remove Ads
Sign In
Join for FREE
Feedback
Dark Mode
Quiz Categories
Sports
Geography
Music
Movies
Television
Just For Fun
Miscellaneous
History
Literature
Language
Science
Gaming
Entertainment
Religion
Holiday
For Kids
Quiz Lab
Recent
Popular Today
Quiz Kudos Today
Editor Picks
Curator Picks
Quizzes by...
Day
Popularity
Type
Ratings
Length
Year
Community
Subscriptions
Recent Discussions
Orange Saloon
Badges
Playlists
Quests
Create
Leaderboards
Showdown
Live 5
Trivia Bingo
Activity
Puzzle Library
Sporcle Events
Private Events
Virtual Trivia
Globe League
Become a Host
Pub Owners
SporcleCon
Opinionation
Our Games
Videos
Blog
Mobile Apps
Partnerships
Remove Ads and Go Orange
Feedback
Movies
Disney
Marvel Cinematic Universe
Movie Resume
Movie Titles
Oscar
Actor
Actress
Director
Pixar
Role
Movie Quotes
Movie Characters
Box Office
Nominee
Best Picture
Star Wars
James Bond
Horror Movies
Movies
Disney
Marvel Cinematic Universe
Movie Resume
Movie Titles
Oscar
Actor
Actress
Director
Pixar
Role
Movie Quotes
Movie Characters
Box Office
Nominee
Best Picture
Star Wars
James Bond
Horror Movies
Random Quiz
Search Sporcle
×
Quiz Lab
Quiz Lab
Movies
Oscar
Type in answers that appear in a list
Type in answers that appear in a list
Classic
Best Score? Go Orange.
Oscar Nominees - Best Actress 00s Stats
Can you name the Oscar Nominees - Best Actress 00s?
By
swifty383
10m
45 Questions
1,217 Plays
1,217 Plays
1,217 Plays
Comments
Comments
Give Quiz Kudos
Give Quiz Kudos
-
- Ratings
hide this ad
More Info
Replay
Link that replays current quiz
Next Quiz
Link to next quiz in quiz playlist
You Got
0%
They Got
Avg Score
78%
Avg Friend Score
Upgrade to see
Score Distribution
Jump to the score distribution portion of the page
Score
0/45
Timer
10:00
0
Plays Today
Year
Actress
% Correct
2000*
Julia Roberts
99.2%
2006
Meryl Streep
97.5%
2008
Meryl Streep
97.5%
2004
Kate Winslet
95.6%
2006
Kate Winslet
95.6%
2008*
Kate Winslet
95.6%
2001*
Halle Berry
95.3%
2004*
Hilary Swank
95.2%
2001
Nicole Kidman
95.2%
2002*
Nicole Kidman
95.2%
2005*
Reese Witherspoon
94.5%
2001
Renee Zellweger
93.4%
2002
Renee Zellweger
93.4%
2006*
Helen Mirren
92.5%
2003*
Charlize Theron
91.5%
2005
Charlize Theron
91.5%
2008
Angelina Jolie
89.2%
2007
Cate Blanchett
89.2%
2007
Ellen Page
89%
2008
Anne Hathaway
86.6%
2002
Salma Hayek
84.3%
2006
Penelope Cruz
83.7%
2001
Judi Dench
83.3%
Year
Actress
% Correct
2005
Judi Dench
83.3%
2006
Judi Dench
83.3%
2005
Keira Knightley
83.2%
2007*
Marion Cotillard
82.9%
2003
Diane Keaton
79%
2000
Juliette Binoche
74.2%
2005
Felicity Huffman
73.3%
2002
Diane Lane
69.7%
2003
Naomi Watts
69.3%
2002
Julianne Moore
68.1%
2000
Laura Linney
61.8%
2007
Laura Linney
61.8%
2000
Ellen Burstyn
60.2%
2008
Melissa Leo
58.6%
2001
Sissy Spacek
58%
2004
Annette Bening
53%
2007
Julie Christie
50.5%
2003
Keisha Castle-Hughes
50.2%
2004
Imelda Staunton
49.6%
2000
Joan Allen
47.7%
2003
Samantha Morton
44.9%
2004
Catalina Sandino Moreno
34%
Quiz Playlist
Details
Report
Send in Message
Add To Playlist
More Info:
* Denotes Winner
Classic:
Type in answers that appear in a list
Quiz Source
Last Updated: Feb 16, 2017
Quiz Scoreboard
CHALLENGE
Sign Up to Join the Scoreboard
Show All
Scores
Hide
Comments
May contain spoilers
Recently Published
9x9 Crossword: Cartoon Network
by jackfrog10
Miscellaneous
3m
College Basketball Coaching Resumes
by pancakes188
Sports
9m
Billboard Blitz: Fleetwood Mac
by CooCooCachoo
Music
15s
More to Explore
Quiz From the Vault
Featured Blog Post
Where Did the Easter Bunny Come From?
hide this ad
You Might Also Like...
Tags
Actress Quiz
Nominee Quiz
Oscar Quiz
2000s
Oscar Nominated
Today's Top Quizzes in Movies
Browse Movies
hide this ad
Today's Top Quizzes in Oscar
Browse Oscar
Top Contributed Quizzes in Movies
1
Pick 5 Posters: Directed by Spielberg
2
7-to-1: Pixar Characters
3
Pick 5 Posters: Lowest-Rated Spielberg
4
Sorting Actors
5
Sorting Actresses
6
Pick 5 Posters: Directed by Scorsese
7
Hidden Star Wars Character II
8
Pick 5 Posters: Star & Director
9
Hidden Star Wars Character III
10
12 Movies about Fictional 1960s Events
Explore More
Trending Topics
Crossword
Disney
Harry Potter
Kpop
NBA
Anime
Marvel
NFL
The Office
WWE
Country
Soccer
Puzzle
Pokémon
Song
hide this ad
More By:
swifty383
Quiz
Plays
Rating
Category
Featured
Created
NFL First QB Drafted by Year
265,052
4.58
Sports
Dec 24, 2009
MLB Top 100 Career HR Leaders
15,411
4.11
Sports
Feb 17, 2010
Find the states without an FBS college football team
8,263
4.45
Sports
May 15, 2023
MLB Grab Bag
8,034
4.29
Sports
Dec 30, 2009
Name one Heisman Trophy winner per school (since 1970)
6,998
5.00
Sports
Nov 25, 2022
Go to Creator's Profile
Score Distribution
Quiz Creator Spotlight
swifty383
Follow
Send a Message
Quizzes Created
-
Created Quiz Play Count
-
More By This Creator
Popular Quizzes Today
1
Find the US States - No Outlines Minefield
2
Find the Countries of Europe - No Outlines Minefield
3
The Countries of the World
4
Find the US States
5
Risky Map Clicking: Biggest States A-Z
6
US States
7
Popular People in 1961
8
Movies - When Are They Set?
More Movies Quizzes
Daniel Craig Movie Year Match
Curator's Pick
Trending Quizzes
Risky Map Clicking: Least Populous States A-Z
1-10 Letter G Words
1-10 Letter F Words
Risky Map Clicking: Next State Alphabetically
Adjectives in 80s TV Shows
Recently Updated
Leaping Animals
pecheneg
Reality TV Shows (A-Z)
bhenderson79
Rickey Henderson's Hall of Fame Teammates
pecheneg
Champions League XIs: Arsenal
pecheneg
Quick Pick: Celebrities in WWE's Hall of Fame
aduchscher
A-Z Keypad Blitz II
pecheneg
Multiple Oscar Actors
pecheneg
Mystery Phrase Blitz: Oscar 'Best Actors'
pecheneg
F. Scott Fitzgerald Novels
LTH
Pick 3 Villains
ddd62291
Trending Topics
Crossword
Anime
Disney
Marvel
Harry Potter
Kpop
NBA
Soccer
WWE
Pokémon
Puzzle
Country
NFL
The Office
Song
Your Account Isn't Verified!
In order to create a playlist on Sporcle, you need to verify the email address you used during registration. Go to your
Sporcle Settings
to finish the process.
Report this User
Report this user for behavior that violates our
Community Guidelines
.
Details:
Send Report
Go to the Sporcle.com Mobile Site →
Comments